00479 2200193 4500001002100000005001500021008004100036020001900077035001900096041000700115082001400122090001400136100002400150245004200174250000600216260003000222300002000252650001300272INLIS00000000002127920241224131024241224||||||||| | ||| |||| || |  a978-602-399-53 0010-1224021279 aid0 a173 EWA k a173 EWA k0 aEwa Molika Sitompul00aKesalahan Orang Tua Ketika Anak Sakit a1 aJakartabArena Kidsc2014 a128 hlm.; 23 cm 0aFilsafat